000 01344naa a22003257a 4500
001 BR8205297
003 BR-BrBNA
005 20240918175153.0
007 ta
008 230509b bl.||||| |||| 00| 0 por d
040 _aBR-BrBNA
_bpor
_cBiblioteca Nacional de Agricultura
041 _a(Pt)
072 _aH10
_b0440
_b4020
_bG514
090 _aH10 BR8205297
100 1 _aSilva, M.T.B. da
100 1 _aRuedell, J.
100 1 _aVieira, R.E.
111 1 _a1. Reuniao Estadual de Pesquisa e Assistencia Tecnica do Linho
_cCruz Alta, RS (Brazil)
_d27-28 Apr 1982
245 1 _aOcorrencia de insetos-pragas potenciais ao linho (Linum usitatissimum L.)em Cruz Alta, Rio Grande do Sul [Rachiplusia nu, lagarta, Brasil]
260 3 _aCruz Alta, RS (Brasil):
_c1982.
500 _aContribuicao do Centro de Experimentacao e Pesquisa a 1. Reuniao Estadual de Pesquisa e Assistencia Tecnica do Linho Cruz Alta, RS (Brasil): 1982. p. 61-64 (BR8205297-AM)H10
650 _aLINHO
650 _aLAGARTA
650 _aINFESTACAO
650 _aCRUZ ALTA
650 _aRIO GRANDE DO SUL
773 0 _tContribuicao do Centro de Experimentacao e Pesquisa a 1. Reuniao Estadual de Pesquisa e Assistencia Tecnica do Linho
_wH10 BR8205297
_gCruz Alta, RS (Brasil), 1982. p. 61-64
909 _a202404
_bLucia
_c55
_dLucia Elande
942 _cAM
_2AGRIS
999 _c315376
_d315376